|
|
|
|
| LEADER |
00000nam0a2200000 4500 |
| 001 |
257603 |
| 005 |
20231101233223.0 |
| 035 |
|
|
|a (RuTPU)RU\TPU\book\280414
|
| 035 |
|
|
|a RU\TPU\book\280412
|
| 090 |
|
|
|a 257603
|
| 100 |
|
|
|a 20140417d1962 m y0rusy50 ca
|
| 101 |
0 |
|
|a rus
|
| 102 |
|
|
|a RU
|
| 105 |
|
|
|a y j 000zy
|
| 200 |
1 |
|
|a Упражнения по общей химии
|e учебное пособие
|f В. П. Шишокин
|g Ленинградский политехнический институт им. М. И. Калинина (ЛПИ) ; под ред. А. Ф. Алабышева
|
| 210 |
|
|
|a Ленинград
|c Изд-во Ленинградского политехнического ин-та
|d 1962
|
| 215 |
|
|
|a 95 с.
|
| 606 |
1 |
|
|a Химия общая
|2 stltpush
|3 (RuTPU)RU\TPU\subj\67862
|9 83510
|
| 610 |
1 |
|
|a учебные пособия
|
| 610 |
1 |
|
|a упражнения
|
| 610 |
1 |
|
|a задачи
|
| 610 |
1 |
|
|a химические соединения
|
| 610 |
1 |
|
|a классификация
|
| 610 |
1 |
|
|a закон Авогадро
|
| 610 |
1 |
|
|a валентность
|
| 610 |
1 |
|
|a атомный вес
|
| 610 |
1 |
|
|a химическое равновесие
|
| 610 |
1 |
|
|a химические растворы
|
| 610 |
1 |
|
|a сплавы
|
| 610 |
1 |
|
|a термохимия
|
| 610 |
1 |
|
|a горение
|
| 610 |
1 |
|
|a окислительно-восстановительные реакции
|
| 610 |
1 |
|
|a металлы
|
| 610 |
1 |
|
|a коррозия
|
| 675 |
|
|
|a 54(076)
|v 3
|
| 700 |
|
1 |
|a Шишокин
|b В. П.
|g Владимир Петрович
|
| 702 |
|
1 |
|a Алабышев
|b А. Ф.
|4 340
|
| 712 |
0 |
2 |
|a Ленинградский политехнический институт им. М. И. Калинина (ЛПИ)
|c (1924-1930, 1940-1990)
|2 stltpush
|3 (RuTPU)RU\TPU\col\2601
|
| 801 |
|
1 |
|a RU
|b 63413507
|c 20140417
|
| 801 |
|
2 |
|a RU
|b 63413507
|c 20140429
|g RCR
|
| 942 |
|
|
|c BK
|